Nueva especie de Zamia L. (Zamiaceae) de los Andes de Colombia y clave actualizada para las especies del género en Colombia (Registro nro. 15534)

Detalles MARC
000 -CABECERA
Campo de control 004810000a22001210004500
090 ## - CLASIFICACIÓN LOCAL
Colección AS
Consecutivo Seriadas
041 0# - IDIOMA
Código de idioma para texto/pista de sonido o título separado
100 1# - ASIENTO PRINCIPAL--NOMBRE PERSONAL
Nombre personal Calderón Sáenz, Eduardo
245 10 - MENCION DE TITULO
Título Nueva especie de Zamia L. (Zamiaceae) de los Andes de Colombia y clave actualizada para las especies del género en Colombia
700 1# - ASIENTO SECUNDARIO - NOMBRE PERSONAL
Nombre personal Stevenson, Dennis Wm.
773 1# - Item fuente:
Título Revista de Academia Colombiana de Ciencias Exactas, Físicas y Naturales
Descripción física 105
Paginas del Articulo 485-490
Lugar, editorial y fecha de publicación 2003
Información sobre la relación 27
942 ## - ELEMENTOS ADICIONALES (KOHA)
Tipo de ítem Artículo

No hay ítems disponibles.